1999 1405 1820 1197 1503 1657 1903 1504 1246 1505 1891 1909 1733 1890 1402 1339 1170 1914 1945 1933 1259 1961 1277 1241 1011 1680 1202 1671 1460 1826 1726 1263 1910 1886 1288 1301 1407 1710 1726 1208 1698 1639 1476 1836 1870 1799 1826 1491 1239 1590 1194 1076 1152 1286 1737 1616 1383 1335 1564 1795 1832 1029 1656 1393 1897 1424 1874 1692 1285 1904 1473 1457 1774 1715 1963 1772 1103 1451 1322 1655 1827 1309 1578 1726 1981 1887 1149 1310 1136 1261 1535 1892 1834 1398 1187 1374 1131 1714 1686 BCNSPRNW ULIB Ver.6.0+V

เปลี่ยนเป็นภาษาไทย

Change to English
 แสดงรายละเอียดบรรณานุกรม
  กลับหน้าหลัก

Brief Record : Get Marc (ISO 2709) : E-mail record : QR code < ปิดหน้าต่าง
LEADER : 00000nam 2200000uu 4500
001    13399122205
003     ULIB
008    130111s2554||||th 000 0 tha d
020    ^a9789740322900
050  4 ^aHA62.5^bน136ก
100 0  ^aนงนภัส คู่วรัญญู เที่ยงกมล
245 10 ^aการวิจัยเชิงบูรณาการแบบองค์รวม =^b(Holistically integrative research) /^cนงนภัส คู่วรัญญู เที่ยงกมล
246 31 ^aHolistically integrative research
250    ^aพิมพ์ครั้งที่ 2
260    ^aกรุงเทพฯ :^bสำนักพิมพ์แห่งจุฬาลงกรณ์มหาวิทยาลัย,^c2554
300    ^a[8], 359 หน้า :^bภาพประกอบ ;^c21 ซม.
650  4 ^aวิจัยปฏิบัติการ
650  4 ^aสังคมศาสตร์^vวิจัย
650  4 ^aวิจัย
945    ^p145^l0^i19661
995    ^aกัณชพร
999    ^aใช้งานได้ทุกระบบ
รายการนี้ยังไม่มีแท็ก
คุณยังไม่ได้ล็อกอิน คุณสามารถมีกิจกรรมร่วมกับเว็บไซต์ได้ แต่ต้องล็อกอินก่อน ::
  ล็อกอิน

รายการสื่อสารสนเทศ

ลำดับที่ ประเภท เลขเรียก/บาร์โค้ด สถานที่ สถานะ
1. การศึกษาทั่วไป
การศึกษาทั่วไป
HA62.5 น136ก  
  Barcode: 19661
ห้องสมุดวิทยาเขตสวรรค์ประชารักษ์
►หนังสือทั่วไป
ถูกยืม กำหนดส่งวันที่ 12 มกราคม 2568
  จอง

รายการใกล้เคียง
    ผู้แต่ง [นงนภัส คู่วรัญญู เที่ยงกมล]

    หัวเรื่อง [วิจัยปฏิบัติการ]
    หัวเรื่อง [วิจัย]

BibComment


ยังไม่เคยถูกคอมเมนท์

คอมเมนท์ทรัพยากรรายการนี้
  คอมเมนท์: การวิจัยเชิงบูรณ..


 Copyright 2026. Bcnsprnw @Library